| 000 | 00412nam a22001217a 4500 | ||
|---|---|---|---|
| 008 | 171103b xxu||||| |||| 00| 0 eng d | ||
| 082 |
_2April - June 2000 _aDPer 910 _bN213 |
||
| 245 | _aNational geographic. | ||
| 260 |
_aWashington, D.C. : _bNational Geographic Society, _cApril-June 2000. |
||
| 300 |
_a1(various paging): _bcolor illustrations; _c25 cm |
||
| 650 | 0 |
_923081 _aGeography _vPeriodicals |
|
| 942 |
_2ddc _cPER |
||
| 999 |
_c7649 _d7649 |
||